00455nam a22001217a 450000500170000000800410001702000180005804000130007608200180008924501480010726000670025530000110032220200819182856.0200819b ||||| |||| 00| 0 eng d a9781785617669 cPK-LaUMT a621.042bREN- aRenewable energy from the oceans :bfrom wave, tidal and gradient systems to offshore wind and solar /cedited by Domenico Coiro and Tonio Sant aLondon :bThe Institution of Engineering and Technology,c2019 a459 p.